000 01343nam a22002177a 4500
999 _c57886
_d57886
003 Ge_BSU
005 20210324182652.0
008 210324s2018 ge ||||| |||| 00| 0 geo d
041 _ageo
080 _a82 ს-91
100 _aალთუნ, სუდან
_910740
245 _aმეოცე საუკუნის თურქულ-ქართული ლიტერატურული ურთიერთობები და აჰმეთ მითჰათ ეფენდის შემოქმედება /
_cსუდან ალთუნ; სამეცნ. ხელმძღვ. ინგა შამილიშვილი;
264 _aბათუმი,
_c2018.
300 _a185 გვ.
_b30ს მ.
504 _aბიბლიოგრ. გვ. 138-185
653 _aმეოცე საუკუნის თურქულ-ქართული ლიტერატურული ურთიერთობები და აჰმედ მითჰათ ეენდის შემოქმედება
653 _aლიტერატურათმცოდნეობა
653 _aდისერტაცია
700 _aშამილიშვილი, ინგა
_eსამეცნ. ხელმძღვანელი
_910741
942 _2udc
_cBK